Fertilidad de los suelos en sistemas agrícolas con Metepantle en Tepetlaoxtoc, Estado de México (Record no. 209232)
[ view plain ]
| 000 -CABECERA | |
|---|---|
| campo de control de longitud fija | 00861 a2200229 4500 |
| 003 - IDENTIFICADOR DEL NÚMERO DE CONTROL | |
| campo de control | OSt |
| 005 - FECHA Y HORA DE LA ÚLTIMA TRANSACCIÓN | |
| campo de control | 20230320100607.0 |
| 008 - DATOS DE LONGITUD FIJA--INFORMACIÓN GENERAL | |
| campo de control de longitud fija | 220428s2018 mx a||||r|||| 00| 0 spa d |
| 020 ## - NÚMERO INTERNACIONAL ESTÁNDAR DEL LIBRO | |
| Número Internacional Estándar del Libro | 9786079529192 |
| 040 ## - FUENTE DE LA CATALOGACIÓN | |
| Centro/agencia transcriptor | CHAP |
| 090 ## - LOCALMENTE ASIGNADO TIPO-LC NÚMERO DE CLASIFICACIÓN (OCLC); NÚMERO DE CLASIFICACIÓN LOCAL (RLIN) | |
| Número de clasificación (OCLC) (R) ; Numero de clasificación, CALL (RLIN) (NR) | Folleto 14933 |
| 100 1# - ENTRADA PRINCIPAL--NOMBRE DE PERSONA | |
| 9 (RLIN) | 128597 |
| Nombre de persona | Álvarez Hernández, Rogelio |
| 245 10 - MENCIÓN DE TÍTULO | |
| Título | Fertilidad de los suelos en sistemas agrícolas con Metepantle en Tepetlaoxtoc, Estado de México |
| Mención de responsabilidad, etc. | por Rogelio Álvarez Hernández y Miriam Galán Reséndiz. |
| 264 #1 - PRODUCCIÓN, PUBLICACIÓN, DISTRIBUCIÓN, FABRICACIÓN Y COPYRIGHT | |
| Producción, publicación, distribución, fabricación y copyright | Chapingo, Méx. : |
| Nombre del de productor, editor, distribuidor, fabricante | UACH. Centro de Investigación en Agricultura Orgánica, |
| Fecha de producción, publicación, distribución, fabricación o copyright | 2018. |
| 300 ## - DESCRIPCIÓN FÍSICA | |
| Extensión | 27 páginas. |
| Otras características físicas | cuadros, figuras. |
| 504 ## - NOTA DE BIBLIOGRAFÍA, ETC. | |
| Nota de bibliografía, etc. | Incluye literatura citada. |
| 650 #2 - PUNTO DE ACCESO ADICIONAL DE MATERIA--TÉRMINO DE MATERIA | |
| 9 (RLIN) | 133360 |
| Término de materia o nombre geográfico como elemento de entrada | Suelos |
| Subdivisión general | Nutrición |
| 650 #2 - PUNTO DE ACCESO ADICIONAL DE MATERIA--TÉRMINO DE MATERIA | |
| 9 (RLIN) | 110367 |
| Término de materia o nombre geográfico como elemento de entrada | Suelos |
| Subdivisión general | Fertilidad |
| 650 #0 - PUNTO DE ACCESO ADICIONAL DE MATERIA--TÉRMINO DE MATERIA | |
| 9 (RLIN) | 143929 |
| Término de materia o nombre geográfico como elemento de entrada | Sistemas agrícolas |
| 700 1# - PUNTO DE ACCESO ADICIONAL--NOMBRE DE PERSONA | |
| 9 (RLIN) | 129542 |
| Nombre de persona | Galán Resendiz, Miriam |
| 942 ## - ELEMENTOS DE PUNTO DE ACCESO ADICIONAL (KOHA) | |
| Fuente del sistema de clasificación o colocación | ddc |
| Tipo de ítem Koha | |
| Estado de retiro | Estado de pérdida | Fuente del sistema de clasificación o colocación | Estado dañado | Restricciones de uso | No para préstamo | Código de colección | Localización permanente | Ubicación/localización actual | Ubicación en estantería | Fecha de adquisición | Total de préstamos | Signatura topográfica completa | Código de barras | Fecha visto por última vez | Precio válido a partir de | Tipo de ítem Koha | Número de copia |
|---|---|---|---|---|---|---|---|---|---|---|---|---|---|---|---|---|---|
| Clasificación Universidad Autónoma de Chapingo | Préstamo interno | Folletos | Biblioteca Central | Biblioteca Central | Planta alta - Área de Tesis - UACh | 01/03/2023 | Folleto 14933 | 33724002564652 | 01/03/2023 | 01/03/2023 | Folleto | ||||||
| Clasificación Universidad Autónoma de Chapingo | Préstamo 3 días | Folletos | Biblioteca Central | Biblioteca Central | Planta alta - Área de Tesis - Folletos | 01/03/2023 | Folleto 14933 | 33724002564736 | 01/03/2023 | 01/03/2023 | Folleto | c.2 | |||||
| Clasificación Universidad Autónoma de Chapingo | Préstamo 3 días | Folletos | Biblioteca Central | Biblioteca Central | Planta alta - Área de Tesis - Folletos | 01/03/2023 | Folleto 14933 | 33724002564694 | 01/03/2023 | 01/03/2023 | Folleto | c.3 |
